El patrimonio cultural en México : un recurso estratégico para el desarrollo /
Bewaard in:
| Hoofdauteur: | |
|---|---|
| Andere auteurs: | |
| Formaat: | Onbekend |
| Taal: | Spanish |
| Gepubliceerd in: |
México :
Fundación Universitaria de Derecho, Administración y Política,
2005.
|
| Editie: | 1. edición |
| Reeks: | (Colección fundap política y administración pública)
|
| Onderwerpen: | |
| Tags: |
Voeg label toe
Geen labels, Wees de eerste die dit record labelt!
|
MARC
| LEADER | 000000000a22000000004500 | ||
|---|---|---|---|
| 001 | 002193 | ||
| 020 | |a 968543557X | ||
| 041 | 0 | |a spa | |
| 082 | 0 | 4 | |a 353.7 |b L318p |
| 100 | 1 | |a Lara González, Carlos Alberto | |
| 245 | 1 | 3 | |a El patrimonio cultural en México : |b un recurso estratégico para el desarrollo / |c Carlos Alberto Lara González ; Francisco J. López Morales, prólogo. |
| 250 | |a 1. edición | ||
| 260 | 1 | |a México : |b Fundación Universitaria de Derecho, Administración y Política, |c 2005. | |
| 300 | |a 256 páginas | ||
| 490 | 1 | |a (Colección fundap política y administración pública) | |
| 650 | 4 | |a PATRIMONIO CULTURAL | |
| 650 | 4 | |a MEXICO | |
| 650 | 4 | |a ADMINISTRACION CULTURAL | |
| 700 | 1 | |a López Morales, Francisco J., |e prólogo | |
| 999 | |c 8774 |d 8774 | ||
| 942 | |c BK |h 353.7 L318p |2 z | ||



